Zvláštnosti nizozemského pojistného trhu

Poistný trh v Holandsku. Pôsobenie životných a neživotných poisťovní, zahraničných poisťovní, poisťovacích spolkov. Dozor nad poisťovníctvom. Podiel jednotlivých odbytových kanálov na prijatom poistnom. Pôsobenie sprostredkovateľských firiem, maklérskych firiem. Právna úprava sprostredkovateľskej či...

ver descrição completa

Na minha lista:
Detalhes bibliográficos
Autor principal: Bočinský, V.
Formato: Capítulo de Livro
Idioma:tcheco
Assuntos:
Tags: Adicionar Tag
Sem tags, seja o primeiro a adicionar uma tag!

MARC

LEADER 00000naa a2200000 4500
001 r024480
005 20221213082951.5
041 0 |a cze 
044 |a CZ 
245 1 0 |a Zvláštnosti nizozemského pojistného trhu  |c V. Bočinský 
520 |a Poistný trh v Holandsku. Pôsobenie životných a neživotných poisťovní, zahraničných poisťovní, poisťovacích spolkov. Dozor nad poisťovníctvom. Podiel jednotlivých odbytových kanálov na prijatom poistnom. Pôsobenie sprostredkovateľských firiem, maklérskych firiem. Právna úprava sprostredkovateľskej činnosti. Integrácia finančných služieb. Čerpanie inšpirácií z holandského poisťovacieho trhu pre český a slovenský poisťovací trh. 
610 2 0 |a trh poistný 
610 2 0 |a Holandsko 
610 2 0 |a poisťovníctvo 
610 2 0 |a dozor štátny 
610 2 0 |a makléri 
610 2 0 |a poisťovne 
610 2 0 |a sprostredkovatelia 
610 2 0 |a predpisy právne 
100 1 |a Bočinský, V.